Welcome to CU Library Online Public Access Catalogue (OPAC)

Investment appraisal for non-financial managers; (Record no. 3286)

MARC details
000 -LEADER
fixed length control field 00482nam a22001577a 4500
005 - DATE AND TIME OF LATEST TRANSACTION
control field 20250131122141.0
008 - FIXED-LENGTH DATA ELEMENTS--GENERAL INFORMATION
fixed length control field 250131b |||||||| |||| 00| 0 eng d
020 ## - INTERNATIONAL STANDARD BOOK NUMBER
International Standard Book Number 9780273612452
050 ## - LIBRARY OF CONGRESS CALL NUMBER
Classification number HG4028
Item number .C4 MOR
100 ## - MAIN ENTRY--PERSONAL NAME
Personal name Moran, Kate
245 ## - TITLE STATEMENT
Title Investment appraisal for non-financial managers;
Remainder of title a step-by-step guide to making profitable decisions
260 ## - PUBLICATION, DISTRIBUTION, ETC.
Place of publication, distribution, etc. London
Name of publisher, distributor, etc. Pitman Publishing
Date of publication, distribution, etc. c1995
300 ## - PHYSICAL DESCRIPTION
Extent ix, 221p;
Other physical details il.;
500 ## - GENERAL NOTE
General note Includes index
942 ## - ADDED ENTRY ELEMENTS (KOHA)
Source of classification or shelving scheme Library of Congress Classification
Koha item type Books
Suppress in OPAC No
999 ## -
-- 3286
-- 3286
Holdings
Withdrawn status Lost status Source of classification or shelving scheme Damaged status Not for loan Collection Home library Current library Shelving location Date acquired Total checkouts Full call number Barcode Date last seen Copy number Price effective from Koha item type
    Library of Congress Classification     Non-fiction Undergraduate Library (Christ Temple) Undergraduate Library (Christ Temple) General stacks 01/31/2025   HG4028.C4 MOR ULCT00001019 01/31/2025 1 01/31/2025 Books
    Library of Congress Classification     Non-fiction Undergraduate Library (Christ Temple) Undergraduate Library (Christ Temple) General stacks 01/31/2025   HG4028.C4 MOR ULCT00001020 01/31/2025 2 01/31/2025 Books
    Library of Congress Classification       Undergraduate Library (Christ Temple) Undergraduate Library (Christ Temple)   03/11/2026   HG 4028.C4 MOR GSCT00003125 03/11/2026 1 03/11/2026 Books
    Library of Congress Classification       Undergraduate Library (Christ Temple) Undergraduate Library (Christ Temple)   03/11/2026   HG 4028.C4 MOR GSCT00003126 03/11/2026 2 03/11/2026 Books
© 2023-2024 Copyright: Central University Libraries. All Rights Reserved | Created by: Mahone Tech Office